Lyrics Verse to Song - The Beatles - Statistics

General Stats
  • This quiz has been taken 384 times
  • The average score is 12 of 20
Answer Stats
Verse Song % Correct
In the town where I was born Yellow Submarine
90%
Remember to let her into your heart Hey Jude
89%
I should be sleeping like a log A Hard Day’s Night
86%
Wearing the face that she keeps in a jar by the door Eleanor Rigby
82%
I'm not half the man I used to be Yesterday
78%
Where rocking horse people eat marshmallow pies Lucy In The Sky With Diamonds
71%
Well, she was just seventeen I Saw Her Standing There
66%
Sont des mots qui vont très bien ensemble Michelle
65%
My independence seems to vanish in the haze Help!
64%
Four thousand holes in Blackburn, Lancashire A Day In The Life
61%
And when the broken-hearted people Let It Be
61%
In our little hideaway beneath the waves Octopus's Garden
61%
I'll buy you a diamond ring my friend Can't Buy Me Love
57%
The pretty nurse is selling poppies from a tray Penny Lane
57%
Only to find Gideon's Bible Rocky Raccoon
50%
Pools of sorrow, waves of joy are drifting through my opened mind Across The Universe
49%
You can get married in Gibraltar, near Spain The Ballad Of John And Yoko
36%
Hold your head up you silly girl Martha My Dear
30%
Cool cherry cream, nice apple tart Savoy Truffle
30%
And so I quit the police department She Came In Through The Bathroom Window
28%
No matching quizzes found
Score Distribution
Percent of People with Each Score
Percentile by Number Answered
Your Score History
You have not taken this quiz